История русской правовой мысли: Биографии, документы, публикации

מידע ביבליוגרפי
שפה:רוסית
יצא לאור: Москва, Остожье, 1998
סדרה:Анатомия истории
נושאים:
פורמט: ספר
KOHA link:https://koha.lib.tpu.ru/cgi-bin/koha/opac-detail.pl?biblionumber=24714

MARC

LEADER 00000nam0a2200000 4500
001 24714
005 20240820093035.0
010 |a 5860951051 
035 |a (RuTPU)RU\TPU\book\24944 
035 |a BOOK00025017 
090 |a 24714 
100 |a 20011209d1998 km y0rusy50 ca 
101 0 |a rus 
102 |a RU 
105 |a y z 000zd 
200 1 |a История русской правовой мысли  |e Биографии, документы, публикации 
210 |a Москва  |c Остожье  |d 1998 
215 |a 603 с. 
225 1 |a Анатомия истории 
600 1 |a Чичерин  |g Борис Николаевич  |b Б. Н.  |c российский юрист  |c историк  |f 1828-1904  |c философ  |2 stltpui  |3 (RuTPU)RU\TPU\pers\237 
600 1 |a Коркунов  |b Н. М.  |c российский юрист  |f 1853-1904  |g Николай Михайлович  |2 stltpush  |3 (RuTPU)RU\TPU\pers\13366  |9 4021 
600 1 |a Петражицкий  |g Лев Иосифович  |b Л. И.  |c российский правовед  |f 1867-1931  |c социолог  |c в 1917 г. эмигрировал в Польшу  |2 stltpui  |3 (RuTPU)RU\TPU\pers\1242 
600 1 |a Кистяковский  |b Б. (Ф.) А.  |c русский социолог  |c юрист  |f 1868-1920  |g Богдан (Федор) Александрович  |c философ  |2 stltpush  |3 (RuTPU)RU\TPU\pers\13368 
600 1 |a Набоков  |b В. Д.  |c российский публицист  |c юрист  |f 1869-1922  |g Владимир Дмитриевич  |7 ca  |8 rus  |2 stltpush  |3 (RuTPU)RU\TPU\pers\12238  |9 3250 
600 1 |a Набоков  |b Д. Н.  |c российский государственный деятель  |f 1826-1904  |g Дмитрий Николаевич  |2 stltpush  |3 (RuTPU)RU\TPU\pers\13369 
600 1 |a Таганцев  |b Н. С.  |c российский юрист  |f 1843-1923  |g Николай Степанович  |2 stltpush  |3 (RuTPU)RU\TPU\pers\13370  |9 4025 
600 1 |a Фойницкий  |b И. Я.  |c российский юрист  |c сенатор  |f 1847-1913  |g Иван Яковлевич  |2 stltpush  |3 (RuTPU)RU\TPU\pers\13371  |9 4026 
600 1 |a Трубецкой  |b Е. Н.  |c князь  |c русский религиозный философ  |f 1863-1920  |g Евгений Николаевич  |c правовед  |2 stltpush  |3 (RuTPU)RU\TPU\pers\5507 
600 1 |a Кистяковский  |b А. Ф.  |c российский криминалист  |c профессор Киевского университета  |f 1833-1885  |g Александр Федорович  |2 stltpush  |3 (RuTPU)RU\TPU\pers\13367  |9 4022 
600 1 |a Муромцев  |g Сергей Андреевич  |c российский юрист  |f 1850-1910  |c публицист  |c земский деятель  |c профессор Московского университета  |b С. А.  |2 stltpush  |3 (RuTPU)RU\TPU\pers\462 
606 1 |a Государство и право  |x История  |2 stltpush  |3 (RuTPU)RU\TPU\subj\68127  |9 83645 
610 1 |a право 
610 1 |a история 
610 1 |a Россия 
610 1 |a 19 век 
610 1 |a 20 век 
610 1 |a юридическая мысль 
610 1 |a биографии 
610 1 |a правоведы 
686 |a Х2(2)  |v LBC/SL-A  |2 rubbk 
686 |a Х1(2)  |v LBC/SL-A  |2 rubbk 
801 0 |a RU  |b 63413507  |c 20011209  |g PSBO 
801 2 |a RU  |b 63413507  |c 20131210  |g PSBO 
942 |c BK